Zlatá klietka

Na pohľad sa zdá, že Faye má všetko. Perfektného manžela, milovanú dcérku a luxusný byt v najlepšej štvrti Štokholmu. No cíti sa ako väzeň v zlatej klietke. Pre svojho manžela Jacka sa vzdala všetkého, hoci kedysi bola silná ambiciózna žena. Keď ju Jack sklame, Faye odrazu nemá nič. Najprv ju ochrom...

Full description

Bibliographic Details
Main Author: Läckberg, Camilla, 1974- (Author)
Other Authors: Gašparová, Eva, 1962 18. december- (Narrator)
Format: CD Audio
Language:Slovak
Swedish
PhysicalDescription:1 elektronický optický disk (CD-ROM) digitálny, MP3 12cm
Published: Levoča Slovenská knižnica pre nevidiacich Mateja Hrebendu 2020
ISBN:9788018085592
Subjects:

MARC

LEADER 00000nim a2200000 a 4500
001 vtls011910184
003 SK-MaSNL
005 20260301225208.0
007 sd fungnnmmned
008 200110s2020 xo nnnnfs f n slo
015 |a SNBJ2024 
020 |a 9788018085592  |q (CD-ROM) 
040 |a SNK  |b slo  |c SNK  |e AACR2 
041 1 |a slo  |h swe 
044 |a xo  |c SK 
072 7 |a 821.11  |x Germánske literatúry  |2 konspekt 
080 |a 821.113.6-31  |2 2011 
080 |a (0:82-312.4)  |2 2011 
080 |a (086.7)  |2 2011 
100 1 |a Läckberg, Camilla,  |d 1974-  |4 aut  |9 239353 
245 1 0 |a Zlatá klietka  |h elektronický zdroj  |c Camilla Läckberg ; číta: Eva Mankovecká 
260 |a Levoča  |b Slovenská knižnica pre nevidiacich Mateja Hrebendu  |c 2020 
300 |a 1 elektronický optický disk (CD-ROM)  |b digitálny, MP3  |c 12cm 
306 |a 123000 
520 8 |a Na pohľad sa zdá, že Faye má všetko. Perfektného manžela, milovanú dcérku a luxusný byt v najlepšej štvrti Štokholmu. No cíti sa ako väzeň v zlatej klietke. Pre svojho manžela Jacka sa vzdala všetkého, hoci kedysi bola silná ambiciózna žena. Keď ju Jack sklame, Faye odrazu nemá nič. Najprv ju ochromí bezmocnosť, no potom sa rozhodne, že sa postaví na nohy a kruto sa pomstí. 
521 |a Pre nevidiacich, slabozrakých a inak zdravotne postihnutých 
655 7 |a zvukové záznamy  |2 SNKPH  |9 70720 
655 7 |a švédske romány  |2 SNKPH  |9 70708 
655 7 |a detektívne romány  |2 SNKPH  |9 70455 
700 1 |a Gašparová, Eva,  |d 1962 18. december-  |4 nrt  |9 101637 
787 0 8 |i Podľa knihy:  |t Zlatá klietka  |d Bratislava : Slovart, 2019  |z 978-80-556-4219-2 
919 |a 978-80-18-08559-2 
958 |a SX 
999 |c 950021  |d 951951 
952 |a SNK  |b SNK  |y PREZ  |7 0  |p 17A1459477  |o snkSCD 5607  |i snk2021/13768  |8 0  |0 0  |1 0  |4 0  |d 2021-09-24  |l 0  |r 2026-02-24 09:45:46  |w 2026-02-24